000
00330nam a22001337a 4500
008
180918b xxu||||| |||| 00| 0 eng d
020
_a
9780471015871
041
_a
eng
080
_a
370
100
_a
47
101
_a
EDU
245
_a
Listening The Forgotten Skills A self Teaching Guide
_c
Allen.M.B
942
_2
udc
_c
BK
999
_c
47930
_d
47930